000 00548nam a22001697a 4500
005 20250328104853.0
008 250328b |||||||| |||| 00| 0 eng d
020 _a1565630882
050 _aBR60 ANT
245 _aThe Writings of the Fathers Down to A.D. 325
_bAnte-Nicene Fathers/
_cEdited by; Alexander Roberts, D.D. & James Donaldson, LL. D
260 _aMassachusetts
_bHendrickson Publishers Inc.
_c1994
300 _avii. 572p.
_c20 cm
650 _2Theology
700 _aRoberts Alexander
700 _aDonaldson James
942 _2lcc
_cBK
_n0
999 _c5285
_d5285